[Event "Oregon Closed (Championship)"]
[Site "Portland, OR"]
[Date "2017.02.11"]
[Round "2"]
[White "Russell, Corey"]
[Black "Cigan, Jason"]
[Result "1/2-1/2"]
[WhiteElo "2205"]
[BlackElo "2230"]
[PlyCount "71"]
[EventDate "2017.02.11"]
[EventType "tourn"]
[EventRounds "9"]
[EventCountry "USA"]

1. e4 c5 2. Nf3 d6 3. d4 cxd4 4. Nxd4 Nf6 5. Nc3 a6 6. Bg5 Nbd7 7. Qd2 e6 8. f3
b5 9. O-O-O Bb7 10. a3 Be7 11. g3 Rc8 12. Bh3 O-O 13. Bxe6 fxe6 14. Nxe6 Qa5
15. Nxf8 Kxf8 16. Bf4 Ne5 17. Bxe5 dxe5 18. Kb1 Bxa3 19. bxa3 Rxc3 20. Qd6+ Kf7
21. Rd3 Bc8 22. Kb2 Rxd3 23. Qxd3 Be6 24. Qc3 Qxc3+ 25. Kxc3 Bc4 26. Re1 g5 27.
a4 Ke6 28. Kb4 Nd7 29. a5 Kd6 30. Rd1+ Kc6 31. Rd2 h5 32. h4 gxh4 33. gxh4 Bf1
34. Rf2 Bh3 35. Rh2 Bf1 36. Rf2 1/2-1/2

[Event "Oregon Closed (Championship)"]
[Site "Portland, OR"]
[Date "2017.02.20"]
[Round "9"]
[White "Russell, Corey"]
[Black "Talyansky, Seteh"]
[Result "1/2-1/2"]
[WhiteElo "2205"]
[BlackElo "2189"]
[PlyCount "117"]
[EventDate "2017.02.11"]
[EventType "tourn"]
[EventRounds "9"]
[EventCountry "USA"]

1. e4 e5 2. Nf3 Nc6 3. Bb5 a6 4. Bxc6 dxc6 5. O-O Bg4 6. h3 h5 7. d3 Qf6 8.
Nbd2 Ne7 9. Re1 Ng6 10. d4 Bd6 11. c3 c5 12. hxg4 hxg4 13. Nh2 Rxh2 14. Qxg4
Qh4 15. Qxh4 Rxh4 16. Nf3 Rh7 17. dxe5 Bxe5 18. Be3 b6 19. Rad1 Ke7 20. Nxe5
Nxe5 21. Bf4 Rah8 22. Kf1 Rh1+ 23. Ke2 Rxe1+ 24. Rxe1 f6 25. Bxe5 fxe5 26. Rd1
c6 27. f3 b5 28. Kf2 a5 29. Kg1 c4 30. a3 Rb8 31. Rc1 Kd6 32. Kh2 Kc5 33. Kg3
b4 34. axb4+ axb4 35. Kg4 Rd8 36. g3 Rd2 37. Rb1 bxc3 38. bxc3 Rc2 39. f4 exf4
40. gxf4 Rxc3 41. Re1 Ra3 42. Kf5 c3 43. e5 Ra7 44. e6 Kd4 45. e7 Rxe7 46. Rxe7
c2 47. Re1 Kd3 48. Kg6 Kd2 49. Rh1 c1=Q 50. Rxc1 Kxc1 51. Kxg7 c5 52. f5 c4 53.
f6 c3 54. f7 c2 55. f8=Q Kb1 56. Qb4+ Ka2 57. Qc3 Kb1 58. Qb3+ Ka1 59. Qxc2
1/2-1/2

[Event "Oregon Closed (Invitational)"]
[Site "Portland, OR"]
[Date "2017.02.20"]
[Round "9"]
[White "Tobin, Sean"]
[Black "Morris, Mike"]
[Result "0-1"]
[WhiteElo "2148"]
[BlackElo "2029"]
[PlyCount "98"]
[EventDate "2017.02.11"]
[EventType "tourn"]
[EventRounds "9"]
[EventCountry "USA"]

1. e4 c5 2. Nf3 e6 3. d3 Nc6 4. g3 g6 5. Bg2 Bg7 6. Nbd2 Nge7 7. h4 h6 8. O-O
d5 9. Re1 O-O 10. c3 f5 11. e5 Qc7 12. Qe2 b6 13. Nf1 Ba6 14. Bf4 Rad8 15. Qd2
Kh7 16. d4 Bxf1 17. Bxf1 c4 18. Be2 b5 19. a3 Qd7 20. Kg2 a5 21. Rh1 Rh8 22.
Rh2 Kg8 23. Rah1 h5 24. Ng5 Rb8 25. f3 b4 26. axb4 axb4 27. g4 bxc3 28. bxc3
Nd8 29. gxh5 Rxh5 30. Bg3 f4 31. Qxf4 Rb2 32. Kh3 Bh6 33. Kg4 Nf5 34. Bd1 Rxh2
35. Rxh2 Nf7 36. Qd2 Nxg5 37. Bf4 Nf7 38. Bc2 Qe7 39. Bxf5 exf5+ 40. Kg3 Bxf4+
41. Qxf4 g5 42. hxg5 Rxh2 43. Kxh2 Qxg5 44. Qg3 Kf8 45. e6 Qxg3+ 46. Kxg3 Nd6
47. Kf4 Nb5 48. Kxf5 Nxc3 49. Ke5 Nb5 0-1

[Event "2017 Washington Closed (Challengers)"]
[Site "Redmond, WA"]
[Date "2017.02.11"]
[Round "1"]
[White "Vijayakumar, Advaitah"]
[Black "Ahluwalia, Anshul"]
[Result "1-0"]
[WhiteElo "1663"]
[BlackElo "1813"]
[PlyCount "63"]
[EventDate "2017.02.11"]
[EventType "tourn"]
[EventRounds "9"]
[EventCountry "USA"]

1. d4 Nf6 2. c4 e6 3. Nf3 Bb4+ 4. Bd2 a5 5. a3 Bxd2+ 6. Qxd2 b6 7. Nc3 Bb7 8.
g3 O-O 9. Bg2 d6 10. O-O Nbd7 11. Qc2 Qe7 12. e4 e5 13. d5 Nc5 14. b4 axb4 15.
axb4 Ncd7 16. Nb5 c5 17. dxc6 Bxc6 18. Nc3 Rfc8 19. Rfd1 Bb7 20. Nd2 Nf8 21.
Nd5 Nxd5 22. exd5 b5 23. c5 dxc5 24. d6 Qd7 25. Bxb7 Qxb7 26. bxc5 Ne6 27. Nb3
Ng5 28. c6 Nh3+ 29. Kf1 Rxc6 30. Rxa8+ Qxa8 31. d7 Rd6 32. Qc8+ 1-0

[Event "2017 Washington Closed (Challengers)"]
[Site "Redmond, WA"]
[Date "2017.02.11"]
[Round "1"]
[White "Petrov, Oscar"]
[Black "Deng, Samuel"]
[Result "0-1"]
[WhiteElo "1787"]
[BlackElo "1771"]
[PlyCount "90"]
[EventDate "2017.02.11"]
[EventType "tourn"]
[EventRounds "9"]
[EventCountry "USA"]

1. e4 c6 2. d4 d5 3. Nc3 dxe4 4. Nxe4 Nd7 5. Ng5 Ngf6 6. Bc4 e6 7. N1f3 h6 8.
Nh3 Be7 9. Nf4 Nb6 10. Bd3 O-O 11. Ne5 c5 12. Be3 Nbd5 13. Qd2 Nxf4 14. Bxf4
cxd4 15. O-O Re8 16. Bb5 Rf8 17. Bd3 Nd5 18. Bxh6 Nb4 19. Bf4 Nxd3 20. Qxd3 Qd5
21. Rfd1 Rd8 22. Nf3 Bf6 23. Qe2 b6 24. Be5 Bxe5 25. Qxe5 Qxe5 26. Nxe5 Bb7 27.
f4 f6 28. Nf3 Bxf3 29. gxf3 Rd5 30. Rd2 Rad8 31. Rad1 Kf7 32. Kf2 b5 33. b4 Rc8
34. Kg3 Ke7 35. a3 Rc4 36. Kf2 Rc3 37. Ra1 Rc6 38. Ra2 a6 39. Rd3 Rh5 40. Rxd4
Rxh2+ 41. Ke3 Rc3+ 42. Rd3 Rhxc2 43. Rxc3 Rxc3+ 44. Ke2 Kf7 45. Ra1 Kg6 0-1

[Event "2017 Washington Closed (Championship)"]
[Site "Redmond, WA"]
[Date "2017.02.12"]
[Round "3"]
[White "Perez, Ignacio"]
[Black "Feng, Roland"]
[Result "0-1"]
[WhiteElo "2296"]
[BlackElo "2426"]
[PlyCount "34"]
[EventDate "2017.02.11"]
[EventType "tourn"]
[EventRounds "9"]
[EventCountry "USA"]

1. e4 e6 2. d4 d5 3. Nc3 Nf6 4. Bg5 dxe4 5. Nxe4 Be7 6. Bxf6 gxf6 7. Nf3 f5 8.
Ng3 Qd6 9. Qe2 Nc6 10. O-O-O Bd7 11. c4 O-O-O 12. Qc2 Nb4 13. Qb1 Bc6 14. d5
Bxd5 15. cxd5 Qc5+ 16. Kd2 Rxd5+ 17. Ke2 Qc4+ 0-1

[Event "2017 Washington Closed (Challengers)"]
[Site "Redmond, WA"]
[Date "2017.02.18"]
[Round "6"]
[White "Ahluwalia, Anshul"]
[Black "Xuan, Owen"]
[Result "1-0"]
[WhiteElo "1813"]
[BlackElo "1707"]
[PlyCount "131"]
[EventDate "2017.02.11"]
[EventType "tourn"]
[EventRounds "9"]
[EventCountry "USA"]

1. d4 Nf6 2. c4 e6 3. g3 Bb4+ 4. Bd2 Be7 5. Bg2 c5 6. d5 exd5 7. cxd5 d6 8. Nc3
O-O 9. Nf3 Bf5 10. O-O Qc8 11. Bf4 Bh3 12. Re1 Bxg2 13. Kxg2 Nbd7 14. e4 Re8
15. Nd2 Nf8 16. Nc4 Qd7 17. a4 Ng6 18. Bc1 Bf8 19. h3 Rad8 20. Qf3 Ne5 21. Nxe5
dxe5 22. g4 Qd6 23. Bg5 a6 24. Bxf6 Qxf6 25. Qxf6 gxf6 26. Ne2 Bh6 27. Ng3 b6
28. Re2 Rd7 29. Nf5 Bf8 30. Rc2 Red8 31. Kh2 h6 32. h4 Kh7 33. h5 Bd6 34. Nxd6
Rxd6 35. a5 Rc8 36. Rac1 Kg7 37. b4 Kf8 38. axb6 Rxb6 39. bxc5 Rb4 40. Rc4 Rxc4
41. Rxc4 Ke7 42. c6 Kd6 43. Kg3 Rc7 44. Kf3 Ra7 45. Ke2 a5 46. Kd3 a4 47. Kc2
a3 48. Kb1 a2+ 49. Ka1 Kc7 50. Rc2 Ra4 51. Rxa2 Rxe4 52. Ra7+ Kb8 53. Rxf7 Re1+
54. Kb2 Re2+ 55. Kc3 Rxf2 56. d6 Rf3+ 57. Kd2 Rf4 58. Rf8+ Ka7 59. c7 Rd4+ 60.
Ke3 Rxd6 61. c8=Q Kb6 62. Qb8+ Kc5 63. Qxd6+ Kxd6 64. Rxf6+ Ke7 65. Rxh6 Kf7
66. Rg6 1-0

[Event "2017 Washington Closed (Championship)"]
[Site "Redmond, WA"]
[Date "2017.02.19"]
[Round "8"]
[White "Haining, Kyle"]
[Black "Sang, Tian"]
[Result "0-1"]
[WhiteElo "2268"]
[BlackElo "2359"]
[PlyCount "60"]
[EventDate "2017.02.11"]
[EventType "tourn"]
[EventRounds "9"]
[EventCountry "USA"]

1. e4 e5 2. Nf3 Nc6 3. Bb5 Nge7 4. O-O g6 5. c3 a6 6. Ba4 Bg7 7. d4 exd4 8.
cxd4 O-O 9. h3 b5 10. Bc2 d5 11. e5 f6 12. exf6 Bxf6 13. Nc3 Bf5 14. Be3 Na5
15. Bg5 b4 16. Bxf6 Rxf6 17. Na4 Nac6 18. Bb3 Qd6 19. Re1 Raf8 20. Ne5 Bc8 21.
Re2 Rf4 22. Nxc6 Nxc6 23. Rd2 Bxh3 24. gxh3 Nxd4 25. Rxd4 Rxf2 26. Bxd5+ Kh8
27. Bg2 Qg3 28. Qf1 Rxf1+ 29. Rxf1 Qe3+ 30. Kh2 Qe5+ 0-1

[Event "Idaho Closed"]
[Site "Twin Falls, ID"]
[Date "2017.02.20"]
[Round "5"]
[White "Lucky, David"]
[Black "Derryberry, DeWayne R"]
[Result "1-0"]
[WhiteElo "2389"]
[BlackElo "1717"]
[PlyCount "49"]
[EventDate "2017.02.18"]
[EventType "swiss"]
[EventRounds "6"]
[EventCountry "USA"]

1. d4 e6 2. c4 f5 3. Nf3 Nf6 4. g3 c6 5. Bg2 d5 6. Qc2 Bd6 7. O-O O-O 8. Ne5 a5
9. Nc3 Na6 10. a3 Bd7 11. Bf4 Qe7 12. Qb3 Rfb8 13. cxd5 cxd5 14. Nxd7 Qxd7 15.
Bxd5 Nxd5 16. Nxd5 b5 17. Bxd6 Qxd6 18. Nf4 Nc7 19. Rac1 a4 20. Qf3 Nd5 21.
Nxd5 Qxd5 22. Qxd5 exd5 23. Rc5 Rd8 24. Rfc1 Rab8 25. Rc7 1-0

[Event "Idaho Closed"]
[Site "Twin Falls, ID"]
[Date "2017.02.20"]
[Round "6"]
[White "Inman, James"]
[Black "Lucky, David"]
[Result "0-1"]
[WhiteElo "1810"]
[BlackElo "2389"]
[PlyCount "120"]
[EventDate "2017.02.18"]
[EventType "swiss"]
[EventRounds "6"]
[EventCountry "USA"]

1. d4 Nf6 2. c4 e6 3. Nf3 Bb4+ 4. Bd2 Qe7 5. g3 Nc6 6. Nc3 Bxc3 7. Bxc3 Ne4 8.
Qc2 d5 9. Bg2 O-O 10. O-O Bd7 11. Nd2 Nxd2 12. Qxd2 dxc4 13. Bxc6 Bxc6 14. Bb4
Qd7 15. Bxf8 Rxf8 16. f3 Rd8 17. b3 cxb3 18. axb3 a6 19. Rad1 Bb5 20. Rfe1 c5
21. e3 Qd5 22. e4 Qxd4+ 23. Qxd4 cxd4 24. Rd2 e5 25. Rc1 Bc6 26. Kf2 f6 27. Ke2
Kf7 28. g4 h5 29. h3 hxg4 30. hxg4 Rh8 31. Rcc2 g6 32. Kf2 f5 33. gxf5 gxf5 34.
exf5 Kf6 35. f4 e4 36. Rxc6+ bxc6 37. Rxd4 Kxf5 38. Rd6 Rh2+ 39. Kg3 Rc2 40. b4
Rc3+ 41. Kf2 Kxf4 42. Rf6+ Ke5 43. Rf8 Kd4 44. Ra8 Rc2+ 45. Ke1 Kd3 46. Rd8+
Ke3 47. Kd1 Rc4 48. Ra8 Rxb4 49. Rxa6 c5 50. Ra3+ Kd4 51. Rh3 c4 52. Rg3 c3 53.
Rh3 e3 54. Rh8 Rb1+ 55. Kc2 e2 56. Rd8+ Kc5 57. Rc8+ Kd6 58. Rxc3 e1=Q 59. Rd3+
Ke5 60. Rd4 Rc1+ 0-1

[Event "25th David Collyer Memorial"]
[Site "Spokane, WA"]
[Date "2017.02.26"]
[Round "5"]
[White "Donaldson, John"]
[Black "Julian, John"]
[Result "1-0"]
[WhiteElo "2412"]
[BlackElo "1993"]
[PlyCount "63"]
[EventDate "2017.02.26"]
[EventType "swiss"]
[EventRounds "5"]
[EventCountry "USA"]

1. Nf3 Nf6 2. d4 g6 3. Bf4 Bg7 4. e3 d6 5. h3 Nbd7 6. Be2 O-O 7. O-O Qe8 8. c4
e5 9. Bh2 Qe7 10. Nc3 Re8 11. Rc1 e4 12. Nd2 c6 13. b4 h5 14. b5 c5 15. Nb3 Rd8
16. dxc5 Nxc5 17. Qc2 Bf5 18. Nd4 Be6 19. Rfd1 Rac8 20. Bf4 Nd3 21. Nxe6 Nxc1
22. Nxd8 Nxe2+ 23. Qxe2 Rxd8 24. Nd5 Nxd5 25. Rxd5 b6 26. a4 Bf8 27. Qd2 Qe6
28. a5 Be7 29. axb6 axb6 30. Qd4 Rc8 31. Bxd6 Bf6 32. Be5 1-0

[Event "Presidents' Weekend Tournament"]
[Site "Portland, OR"]
[Date "2017.02.18"]
[Round "4"]
[White "McCoy, Owen"]
[Black "Uan-zo-li, Sean"]
[Result "1-0"]
[WhiteElo "2042"]
[BlackElo "1702"]
[PlyCount "85"]
[EventDate "2017.02.18"]
[EventType "swiss"]
[EventRounds "4"]
[EventCountry "USA"]

1. e4 c5 2. Nf3 Nc6 3. Bb5 g6 4. Bxc6 bxc6 5. O-O Bg7 6. Re1 d6 7. c3 Nf6 8. d4
cxd4 9. cxd4 O-O 10. Nc3 Rb8 11. h3 Nd7 12. b3 c5 13. Be3 Bb7 14. Rc1 Rc8 15.
Qd3 Kh8 16. Na4 f5 17. Ng5 fxe4 18. Nxe4 Nb6 19. dxc5 Nxa4 20. bxa4 d5 21. Ng5
d4 22. Bd2 Qd5 23. f3 e5 24. Ne4 Rc6 25. Qb3 Qd7 26. Rb1 Ba6 27. Rec1 d3 28.
Be3 Rc7 29. Qd1 Rfc8 30. Nd6 Rf8 31. Nb5 Rcc8 32. Qd2 e4 33. fxe4 Bxb5 34. axb5
Bd4 35. Qxd3 Bxe3+ 36. Qxe3 Rb8 37. a4 Qb7 38. Qd4+ Kg8 39. Qd5+ Rf7 40. Rf1
Rbf8 41. Rxf7 Qxf7 42. Rf1 Kg7 43. Rxf7+ 1-0

[Event "Spkanae Chess Club Winter Championship"]
[Site "Spokane, WA"]
[Date "2017.02.09"]
[Round "4"]
[White "Stripes, James"]
[Black "Cambareri, Michael"]
[Result "1-0"]
[WhiteElo "1791"]
[BlackElo "1993"]
[PlyCount "33"]
[EventDate "2017.01.19"]
[EventType "swiss"]
[EventRounds "5"]
[EventCountry "USA"]

1. d4 Nf6 2. Nf3 b6 3. c4 e6 4. g3 Bb7 5. Bg2 Be7 6. Nc3 O-O 7. Qc2 c5 8. d5
exd5 9. cxd5 Nxd5 10. Qe4 Nb4 11. Qxb7 N8c6 12. Bf4 Nc2+ 13. Kd2 Nxa1 14. Rxa1
Rc8 15. Nd5 d6 16. Rd1 Bf6 17. Bh3 1-0